Canciones de Guillo Rist en OT2025 - Estadísticas

Estadísticas generales
  • Esta prueba ha sido intentada 7 veces
    4 desde el último reinicio
  • La puntuación promedio es 11 de 14
Estadísticas de respuestas
Gala Compañero Canción % Correcto
Gala 1 Cristina APT.
100%
Gala 2 Max & Carlos Bye Bye Bye
100%
Gala 5 Tinho I Wanna Be Your Slave
100%
Single Solo MUTE
100%
Gala 4 Guille Toledano NUEVAYol
100%
Gala 9 Solo Peregrino
100%
Gala 3 Téyou Vamos a Olvidar
100%
Gala 10 Solo Abracadabra
67%
Gala 7 Solo CATAЯATA
67%
Gala 6 Olivia El Principio de Algo
67%
Gala 12 Solo Say My Name
67%
Gala 8 Lucia Casani Sexo en la playa
67%
Gala 11 Solo Wonder
67%
Amazon Music Original Solo Paraules d'Amor
33%
No se encontraron pruebas coincidentes
Distribución de puntuación
Porcentaje de gente con cada puntuación
Porcentaje por número respondido
Historial de tus puntuaciones
No has intentado esta prueba desde el último reinicio